000
00221 a2200109 4500
020
_a
9789992230367
041
_a
spa
100
_a
alvarado rodriguez, victor
245
_a
estudios sociales 5
942
_c
BK
952
_7
1
999
_c
18221
_d
18221